Language Quiz

Random Language or Blitz Quiz

Only Click 'Yes' Quiz Stats

 Plays Quiz Updated Jun 21, 2015

Challenge
Share
Tweet
Embed
Score 0/15 Timer 01:00
2 Plays Today
% Correct
93.6%
Oui
91.5%
Ja
89.4%
Jah
84.3%
Da
82.9%
Se
78.1%
Hai
74.6%
Yoh
71.7%
% Correct
E
59%
Sim
56.7%
Haan
42.9%
Evet
39.3%
Ano
37.1%
Kyllä
36.8%
20%

You're not logged in!

Compare scores with friends on all Sporcle quizzes.
Join for Free
OR
Log In

You Might Also Like...

Show Comments

Extras

Top Quizzes Today


Score Distribution

Your Account Isn't Verified!

In order to create a playlist on Sporcle, you need to verify the email address you used during registration. Go to your Sporcle Settings to finish the process.

Report this User

Report this user for behavior that violates our Community Guidelines.

Details: